| 000 | 00464nam a2200181Ia 4500 | ||
|---|---|---|---|
| 001 | 16041 | ||
| 005 | 20260306170240.0 | ||
| 008 | 260306t2005||||xx |||||||||||||| ||und|| | ||
| 041 | _aESP | ||
| 082 |
_a346.5285 _bT78 |
||
| 100 |
_aTrazegnies Granda, Fernando de _eAUT |
||
| 245 | 0 |
_aLa responsabilidad extracontractual: _b(Arts. 1969-1988) |
|
| 260 | _c2005 | ||
| 300 |
_aT. 1, V. 4 : _c20 cm. |
||
| 650 | _aGEN | ||
| 654 | _aCDE | ||
| 942 |
_cLIB _dJUS _fJUS _2ddc _n |
||
| 999 |
_c16041 _d16041 |
||